[Event "8th Abierto Invierno"]
[Site "Villa Ballester ARG"]
[Date "2008.08.23"]
[Round "6"]
[White "Calderon Fernandez,G"]
[Black "Pineiro,Dar"]
[Result "1-0"]
[WhiteElo "2303"]
[BlackElo "1927"]

1.d4 Nf6 2.c4 g6 3.Nc3 Bg7 4.e4 d6 5.Nf3 O-O 6.Be2 e5 7.O-O Nc6 8.Be3 h6
9.dxe5 dxe5 10.Qxd8 Rxd8 11.Rad1 Bg4 12.Rxd8+ Rxd8 13.Rd1 Nd4 14.Bxd4 exd4
15.Rxd4 Nd7 16.Rd1 Bxc3 17.bxc3 Re8 18.h3 Bxf3 19.Bxf3 Nc5 20.Rd4 c6 21.g3 Re7
22.Bg2 Na4 23.Rd3 Nb2 24.Rd2 Nxc4 25.Rd4 Nb6 26.f4 Rd7 27.Rxd7 Nxd7 28.Kf2 Kf8
29.Ke3 Ke7 30.h4 h5 31.e5 Nc5 32.Bf3 f5 33.Kd4 Ne6+ 34.Kc4 Nc7 35.a4 Kd7
36.a5 b6 37.axb6 axb6 38.Bg2 Ne6 39.Kd3 Nc5+ 40.Ke3 Ne6 41.Bf1 Nc5 42.Bc4 Ne6
43.Ba2 Ke7 44.Kd3 Nc5+ 45.Kd4 Ne6+ 46.Ke3 Kd7 47.Bb1 Nc5 48.g4 Ke6 49.gxf5+ gxf5
50.Bc2 Nd7 51.Bd1 b5 52.Bxh5 c5 53.Be8 Nb6 54.Bxb5 Nd5+ 55.Kf3 Nxc3 56.Bc4+ Ke7
57.h5 Kf8 58.h6 Ne4 59.Kg2 Nd2 60.e6 Nxc4 61.e7+ Kxe7 62.h7 Ne3+ 63.Kf3  1-0

[Event "X Sants Open"]
[Site "Barcelona ESP"]
[Date "2008.08.24"]
[Round "3"]
[White "Cruz,Cr"]
[Black "Rios,Al"]
[Result "1-0"]
[WhiteElo "2508"]
[BlackElo "2340"]

1.d4 Nf6 2.c4 g6 3.Nc3 Bg7 4.e4 d6 5.Nf3 O-O 6.Be2 e5 7.O-O Nc6 8.d5 Ne7
9.b4 Nh5 10.Re1 f5 11.Ng5 Nf6 12.Bf3 a5 13.b5 f4 14.c5 dxc5 15.Qb3 Qd6 16.Rd1 b6
17.Ne6 Ne8 18.Na4 c4 19.Qxc4 Bxe6 20.dxe6 Qb4 21.Qb3 Bf6 22.Ba3 Qxb3 23.axb3 Ng7
24.Rd7 Rfe8 25.Be2 Nxe6 26.Bc4 Nc8 27.Rxc7 Kh8 28.Rc6  1-0

[Event "U16 Olympiad"]
[Site "Mersin TUR"]
[Date "2008.08.24"]
[Round "10"]
[White "Pascua,H"]
[Black "Kazdagli,B"]
[Result "1-0"]
[WhiteElo "2174"]
[BlackElo "1754"]

1.d4 Nf6 2.c4 g6 3.Nc3 Bg7 4.e4 d6 5.Nf3 O-O 6.Be2 e5 7.O-O Nc6 8.d5 Ne7
9.b4 Ne8 10.a4 h6 11.Ba3 f5 12.Nd2 g5 13.c5 Nf6 14.cxd6 cxd6 15.b5 g4 16.exf5 Bxf5
17.Nc4 Ne8 18.Bxg4 Rc8 19.Be2 Bg6 20.Rc1 Rf4 21.Ne3 Nf5 22.g3 Qg5 23.Ng2 Rd4
24.Qb3 Qd8 25.Qb2 Bf6 26.Bb4 Bg5 27.Rcd1 Qb6 28.Rxd4 Nxd4 29.Bg4 Rd8 30.h4 Be7
31.Rc1 Nf6 32.a5 Qc7 33.Ne2 Nxe2+ 34.Bxe2 Qd7 35.Ne3 Be4 36.f3 Bg6 37.Kh2 Kh8
38.Bf1 Re8 39.Bd2 Bf8 40.b6 axb6 41.Bb5 Qg7 42.Bxe8 Bxe8 43.Qxb6 e4 44.Bc3 exf3
45.Qd8 Be7 46.Bxf6  1-0

[Event "8th Open"]
[Site "Velika Gorica CRO"]
[Date "2008.08.24"]
[Round "2"]
[White "Doric,N"]
[Black "Rozic,M"]
[Result "1-0"]
[WhiteElo "2345"]
[BlackElo "2090"]

1.Nf3 Nf6 2.c4 g6 3.Nc3 Bg7 4.e4 d6 5.d4 O-O 6.Be2 e5 7.O-O Nc6 8.d5 Ne7
9.Ne1 h6 10.Be3 Ne8 11.a4 f5 12.f3 fxe4 13.fxe4 Rxf1+ 14.Bxf1 Nf6 15.Be2 g5
16.c5 Ng6 17.g3 Bh3 18.a5 Qd7 19.c6 bxc6 20.dxc6 Qf7 21.Nd3 Ne7 22.Nb4 Rb8
23.Ra4 Rf8 24.Bf1 Qe6 25.Nbd5 Bxf1 26.Nxe7+ Qxe7 27.Qxf1 Ng4 28.Qc4+ Kh7
29.Bxa7 Qf6 30.Qe2 Qf7 31.Nd5 Qh5 32.Ra1 Rf2 33.Bxf2 Qxh2+ 34.Kf1 Qh3+ 35.Ke1 Qh1+
36.Kd2 Qxa1 37.Qxg4 Qxb2+ 38.Kd3 Qb5+ 39.Ke3 Qxa5 40.Qf5+ Kh8 41.Qc8+ Kh7
42.Qxc7 Qa3+ 43.Ke2 Qa6+ 44.Kf3 Qd3+ 45.Ne3 g4+ 46.Kg2 Qxe4+ 47.Kh2 Qf3 48.Kg1 d5
49.Qd7  1-0

[Event "LXXII ch-CRC Fase 2"]
[Site "San Jose CRC"]
[Date "2008.08.25"]
[Round "3"]
[White "Alfaro Rojas,A"]
[Black "Machado Ramirez,A"]
[Result "1-0"]
[WhiteElo "2181"]
[BlackElo "2068"]

1.d4 Nf6 2.c4 d6 3.Nc3 g6 4.e4 Bg7 5.Nf3 O-O 6.Be2 e5 7.O-O Nc6 8.d5 Ne7
9.b4 Nh5 10.Re1 Nf4 11.Bxf4 exf4 12.Rc1 f5 13.exf5 Nxf5 14.Nb5 a6 15.Nbd4 Qf6
16.Nxf5 Bxf5 17.Bd3 Bd7 18.c5 g5 19.cxd6 g4 20.Ne5 Qxd6 21.Nxd7 Qxd7 22.Re6 Kh8
23.Qxg4 Rae8 24.Qh5 Bd4 25.Bxh7 Qxh7 26.Rh6 Re7 27.Rxh7+ Rxh7 28.Qd1 Be5
29.Qf3 b6 30.Re1 Bd6 31.a3  1-0

[Event "16th Nikea Open"]
[Site "Athens GRE"]
[Date "2008.08.26"]
[Round "2"]
[White "Samaras,E"]
[Black "Hristodoulou,P"]
[Result "0-1"]
[WhiteElo "1895"]
[BlackElo "2102"]

1.d4 Nf6 2.c4 g6 3.Nc3 Bg7 4.e4 d6 5.Nf3 O-O 6.Be2 e5 7.O-O Nc6 8.d5 Ne7
9.b4 Nh5 10.Re1 f5 11.Ng5 Nf6 12.f3 Kh8 13.c5 h6 14.Ne6 Bxe6 15.dxe6 d5 16.exd5 Nfxd5
17.Nxd5 Qxd5 18.Qb3 Qxb3 19.axb3 Nc6 20.Bb5 Rfe8 21.Bxc6 bxc6 22.Bb2 Rxe6
23.Red1 Re7 24.Ra6 Rb8 25.Bc3 e4 26.Bxg7+ Kxg7 27.fxe4 fxe4 28.Rxa7 Rxb4
29.Ra6 Rxb3 30.Rxc6 Rc3 31.Re1 e3 32.g3 Rc2 33.h3 h5 34.h4 Ra2 35.Kf1 Rf2+
36.Kg1 Rf6 37.Rxf6 Kxf6 38.Kg2 Kf5 39.Kf3 e2 40.c6 Re5 41.Rxe2 Rxe2 42.Kxe2 Ke4
43.Kf2 Kd5 44.Kf3 Kxc6 45.Kf4 Kd6 46.Kg5 c5 47.Kxg6 c4 48.Kxh5 c3 49.g4 c2
50.g5 c1=Q  0-1

[Event "8th Open"]
[Site "Velika Gorica CRO"]
[Date "2008.08.26"]
[Round "5"]
[White "Gujic,V"]
[Black "Havas,Ju"]
[Result "1-0"]
[WhiteElo "2004"]
[BlackElo "1926"]

1.d4 Nf6 2.c4 g6 3.Nc3 Bg7 4.e4 d6 5.Nf3 O-O 6.Be2 e5 7.O-O Nc6 8.d5 Ne7
9.b4 Nh5 10.Re1 f5 11.Ng5 Nf6 12.Bf3 c6 13.Bb2 h6 14.Ne6 Bxe6 15.dxe6 Ne8
16.Qb3 Kh8 17.Rad1 Qc7 18.c5 Rd8 19.cxd6 Nxd6 20.a4 fxe4 21.Nxe4 Nxe4 22.Bxe4 Qb6
23.Bf3 Rxd1 24.Rxd1 Nf5 25.a5 Qc7 26.Rd7 Qc8 27.Qd3 Qe8 28.e7 Nxe7 29.Rxb7 Nf5
30.Be4 Qc8 31.Qd7 Qxd7 32.Rxd7 Rc8 33.Bxf5 gxf5 34.f4 c5 35.b5 c4 36.Bc3 Rc5
37.b6 axb6 38.axb6 Rb5 39.b7 Kh7 40.Bxe5 Kg8 41.Rxg7+  1-0

[Event "16th Nikea Open"]
[Site "Athens GRE"]
[Date "2008.08.27"]
[Round "3"]
[White "Nikolaidis,K"]
[Black "Sgouros,A"]
[Result "1/2-1/2"]
[WhiteElo "2279"]
[BlackElo "2004"]

1.d4 Nf6 2.c4 g6 3.Nc3 Bg7 4.e4 d6 5.Nf3 O-O 6.Be2 e5 7.O-O Nc6 8.d5 Ne7
9.Ne1 Nd7 10.Nd3 f5 11.Bd2 f4 12.Bg4 g5 13.b4 Nf6 14.Bxc8 Rxc8 15.f3 Kh8
16.a4 Rg8 17.a5 Bf8 18.h3 h5 19.Nf2 Ng6 20.Qe2 Qd7 21.a6 b6 22.Ra3 Be7 23.Na4 Rg7
24.Rc1  1/2-1/2

[Event "44th Rubinstein Mem Open A"]
[Site "Polanica Zdroj POL"]
[Date "2008.08.27"]
[Round "9"]
[White "Gralka,J"]
[Black "Galazewski,T"]
[Result "0-1"]
[WhiteElo "2268"]
[BlackElo "2210"]

1.d4 Nf6 2.c4 g6 3.Nc3 Bg7 4.e4 O-O 5.Nf3 d6 6.Be2 e5 7.O-O Nc6 8.d5 Ne7
9.b4 Ne8 10.c5 f5 11.Ng5 Kh8 12.f3 Nf6 13.a4 h6 14.Nh3 f4 15.Nf2 g5 16.Ba3 h5
17.b5 b6 18.cxd6 cxd6 19.Rc1 Bh6 20.Na2 Rg8 21.Nb4 g4 22.Nc6 Nxc6 23.dxc6 g3
24.Nd3 Nxe4 25.fxe4 Qh4 26.h3 Bxh3 27.Nxe5 Bg4  0-1

[Event "XIII Konik Morski Open A"]
[Site "Rewal POL"]
[Date "2008.08.27"]
[Round "7"]
[White "Szromba,K"]
[Black "Baumann,D"]
[Result "1-0"]
[WhiteElo "2186"]
[BlackElo "2069"]

1.d4 Nf6 2.c4 g6 3.Nc3 Bg7 4.Nf3 O-O 5.e4 d6 6.Be2 e5 7.O-O Nc6 8.d5 Ne7
9.b4 Nh5 10.Re1 f5 11.Ng5 Nf6 12.Bf3 c6 13.Qb3 h6 14.Ne6 Bxe6 15.dxe6 Kh7
16.b5 Qc8 17.bxc6 bxc6 18.c5 Rb8 19.Qc4 d5 20.exd5 e4 21.d6 Ned5 22.e7 Re8
23.Rb1 Rxb1 24.Nxb1 exf3 25.gxf3 Nd7 26.f4 Qb7 27.Bd2 a6 28.a4 N7f6 29.f3 Qb2
30.Kf1 Qb7 31.Na3 Nd7 32.Rb1 Qa7 33.Rc1 Bf6 34.Nb1 g5 35.Nc3 Bxc3 36.Rxc3 Kg6
37.Rc2 N7f6 38.fxg5 hxg5 39.Bc1 f4 40.h4 gxh4 41.Bxf4 Qd7 42.Rg2+ Kf7 43.Bg5 h3
44.Rg3 Qf5 45.Bxf6 Kxf6 46.Qh4+ Ke6 47.Qxh3 Qxh3+ 48.Rxh3 a5 49.Rh2 Nc3 50.f4 Nxa4
51.f5+ Kd7 52.f6 Nxc5 53.f7 Rxe7 54.f8=Q Kxd6 55.Rd2+ Ke6 56.Re2+  1-0

[Event "2nd Open"]
[Site "Urumia IRI"]
[Date "2008.08.27"]
[Round "2"]
[White "Ghane,S"]
[Black "Amikhteh,A"]
[Result "1-0"]
[WhiteElo "2415"]
[BlackElo "2028"]

1.d4 Nf6 2.Nf3 g6 3.c4 Bg7 4.Nc3 O-O 5.e4 d6 6.Be2 e5 7.O-O Nc6 8.d5 Ne7
9.Ne1 Ne8 10.Be3 f5 11.f3 h5 12.c5 f4 13.Bf2 g5 14.cxd6 cxd6 15.a4 Kh8 16.a5 Ng8
17.Nb5 a6 18.Bb6 Qd7 19.Na7 Nh6 20.Rc1 g4 21.Qc2 Nf6 22.Qc7 gxf3 23.gxf3 Rg8
24.Kh1 Ne8 25.Qc2 Nf6 26.Rg1 Nf7 27.Nd3 Kh7 28.Bf1 Kh6 29.Qd2 Rxa7 30.Bxa7 Ng5
31.Qe2 Qa4 32.Qg2 Nfxe4 33.b3 Bg4 34.bxa4 Bxf3 35.h4 Bxg2+ 36.Bxg2 Ng3+ 37.Kh2 Nh7
38.Bh3 Bf6 39.Be6 Rg7 40.Kh3 Bxh4 41.Kxh4 Ng5 42.Rxg3 fxg3 43.Be3  1-0

[Event "LXXII ch-CRC Fase 2"]
[Site "San Jose CRC"]
[Date "2008.08.29"]
[Round "5"]
[White "Hernandez Basante,F"]
[Black "Gonzalez,Be CRC"]
[Result "1/2-1/2"]
[WhiteElo "2254"]
[BlackElo "2423"]

1.d4 Nf6 2.Nf3 g6 3.c4 Bg7 4.Nc3 O-O 5.e4 d6 6.Be2 e5 7.O-O Nc6 8.d5 Ne7
9.Ne1 Nd7 10.Be3 f5 11.f3 f4 12.Bf2 g5 13.c5 Nxc5 14.b4 Nd7 15.Rc1 a6 16.Nd3 Nf6
17.Qb3 b6 18.Nxe5 dxe5 19.d6+ Kh8 20.dxe7 Qxe7 21.Nd5 Nxd5 22.exd5 Rd8 23.Bd3 Bb7
24.Be4 Rd7 25.Rfd1 Qd8 26.d6 cxd6 27.Bxb7 Rxb7 28.Rc6 Bf8 29.Qe6 Qe7 30.Rdxd6 b5
31.Qf5 Bg7 32.Bc5  1/2-1/2

[Event "Open A"]
[Site "Graz SUI"]
[Date "2008.08.30"]
[Round "1"]
[White "Kozul,Z"]
[Black "Wiedermann,D"]
[Result "1-0"]
[WhiteElo "2579"]
[BlackElo "2156"]

1.d4 Nf6 2.Nf3 g6 3.c4 Bg7 4.Nc3 O-O 5.e4 d6 6.Be2 e5 7.O-O Nc6 8.d5 Ne7
9.Ne1 Nd7 10.Nd3 f5 11.Bd2 Nf6 12.f3 c5 13.g4 f4 14.h4 h5 15.g5 Ne8 16.a3 a5
17.b4 axb4 18.axb4 Rxa1 19.Qxa1 b6 20.Rb1 Bd7 21.Be1 Nc8 22.Bf1 Rf7 23.Kh2 Bf8
24.bxc5 bxc5 25.Rb8 Nc7 26.Ne2 Bg7 27.Ba5 Kh7 28.Rb7 Be8 29.Bh3 Re7 30.Nc3  1-0

[Event "Open A"]
[Site "Graz SUI"]
[Date "2008.08.30"]
[Round "1"]
[White "Pallitsch,C"]
[Black "Schwarhofer,C"]
[Result "0-1"]
[WhiteElo "2011"]
[BlackElo "2227"]

1.d4 Nf6 2.Nf3 g6 3.c4 Bg7 4.Nc3 O-O 5.e4 d6 6.Be2 e5 7.O-O Nc6 8.d5 Ne7
9.b4 Nh5 10.Re1 f5 11.Ng5 Nf6 12.Bf3 c6 13.Bb2 Ne8 14.c5 h6 15.Ne6 Bxe6 16.dxe6 fxe4
17.Nxe4 d5 18.Ng3 Qc7 19.Bg4 e4 20.Bxg7 Nxg7 21.f3 h5 22.Bxh5 gxh5 23.fxe4 Qe5
24.exd5 Qxd5 25.Qe2 Qd4+ 26.Kh1 Rf2 27.Qe5 Qxe5 28.Rxe5 Raf8 29.h3 h4 30.Ne4 Rf1+
31.Rxf1 Rxf1+ 32.Kh2 Rf5 33.Rxf5 Nexf5 34.Ng5 Kf8 35.a4 Ke7 36.Kg1 Nxe6 37.Nf3 Nf4
38.b5 cxb5 39.axb5 Ne6 40.b6 axb6 41.cxb6 Kd6 42.Nd2 Kc5 43.Kf2 Ned4 44.Ne4+ Kxb6
45.g4 hxg3+ 46.Nxg3 Nxg3 47.Kxg3 Kc5 48.Kf4 b5 49.h4 b4 50.h5 Ne6+ 51.Ke5 Nf8
52.Kf6 b3 53.Kf7 Nh7 54.Kg6 b2 55.Kxh7 b1=Q+ 56.Kg7 Qg1+ 57.Kh7 Kd6 58.h6 Ke7
59.Kh8 Qg6 60.h7 Qf6+  0-1

[Event "Liga Nacional Ajedrez"]
[Site "Villa Martelli ARG"]
[Date "2008.08.30"]
[Round "4"]
[White "Mayorga,N"]
[Black "Iermito,S"]
[Result "1/2-1/2"]
[WhiteElo "2291"]
[BlackElo "2385"]

1.d4 Nf6 2.c4 g6 3.Nc3 Bg7 4.e4 d6 5.Nf3 O-O 6.Be2 e5 7.O-O Nc6 8.d5 Ne7
9.b4 a5 10.Ba3 axb4 11.Bxb4 Nd7 12.Re1 Bh6 13.Nb5 f5 14.exf5 gxf5 15.c5 dxc5
16.Bc3 Bg7 17.Ng5 Nb6 18.Nxc7 Qxc7 19.d6 Qd8 20.dxe7 Qxe7 21.Qb3+ Kh8 22.Qxb6 Qxg5
23.Qxc5 f4 24.Bf3 Re8 25.h4 Qe7 26.Qxe7 Rxe7 27.Rad1 Bf5 28.Rd5 Rae8 29.Rb5 Bd3
30.Rxb7 e4 31.Bxg7+ Rxg7 32.Rb3 Rgg8 33.Kh2 Bc2 34.Rc3 exf3 35.Rxe8 Rxe8
36.Rxc2 Re2  1/2-1/2

[Event "Liga Nacional Ajedrez"]
[Site "Villa Martelli ARG"]
[Date "2008.08.30"]
[Round "4"]
[White "Alvarez,Ro2"]
[Black "Amed,S"]
[Result "1/2-1/2"]
[WhiteElo "2109"]
[BlackElo "2099"]

1.d4 Nf6 2.c4 g6 3.Nc3 Bg7 4.e4 d6 5.Nf3 O-O 6.Be2 e5 7.O-O Nc6 8.d5 Ne7
9.Ne1 Nd7 10.Nd3 f5 11.Bd2 Nb6 12.b3 fxe4 13.Nxe4 Bf5 14.f3 c6 15.dxc6 Nxc6
16.Ndf2 h6 17.Be3 Nd4 18.Qd2 Kh7 19.Rac1 Rc8 20.Nc3 d5 21.Nxd5 Nxd5 22.cxd5 Qxd5
23.Bc4 Qd7 24.Bxd4 exd4 25.Bd3  1/2-1/2

[Event "2nd Open"]
[Site "Urumia IRI"]
[Date "2008.08.31"]
[Round "9"]
[White "Ghane,S"]
[Black "Asgari,M"]
[Result "0-1"]
[WhiteElo "2415"]
[BlackElo "2192"]

1.d4 Nf6 2.Nf3 d6 3.c4 g6 4.Nc3 Bg7 5.e4 O-O 6.Be2 e5 7.O-O Nc6 8.d5 Ne7
9.b3 Nh5 10.g3 f5 11.Ng5 Nf6 12.f3 Kh8 13.c5 dxc5 14.Ba3 b6 15.d6 cxd6 16.Bc4 Bh6
17.Nf7+ Rxf7 18.Bxf7 Be3+ 19.Kg2 Bd4 20.Rc1 Qf8 21.Bc4 Qh6 22.Nb5 fxe4 23.Nxd6 Qh3+
24.Kh1 Nf5 25.Nxf5 gxf5 26.Be2 Bb7 27.Rg1 exf3 28.Bxf3 Ng4 29.Rg2 Ne3 30.Bxb7 Nxd1
31.Rxd1 Rf8 32.Rf1 Kg7 33.Bc1 e4 34.Ba6 e3 35.Be2 Kf6 36.Rf3 Qh6 37.Rg1 Ke7
38.Rf4 Be5 39.Rf3 f4 40.gxf4 Bxf4 41.Rg2 Rg8 42.Rxf4 Qxf4 43.Rxg8 Qf2 44.Bh5 e2
45.Bg5+ Kd6 46.Rd8+ Kc7 47.Bxe2 Qxe2 48.h4 Qxa2  0-1

[Event "2nd Open"]
[Site "Urumia IRI"]
[Date "2008.08.31"]
[Round "10"]
[White "Rezai,I"]
[Black "Abbasov,F"]
[Result "0-1"]
[WhiteElo "2197"]
[BlackElo "2552"]

1.d4 Nf6 2.c4 g6 3.Nc3 Bg7 4.e4 d6 5.Nf3 O-O 6.Be2 e5 7.O-O Nc6 8.d5 Ne7
9.Bg5 h6 10.Bxf6 Bxf6 11.b4 Bg7 12.Nd2 f5 13.Rc1 fxe4 14.Ndxe4 Nf5 15.c5 Nd4
16.cxd6 cxd6 17.Nb5 Nxb5 18.Bxb5 Qb6 19.Bd3 Bf5 20.Ng3 Rf7 21.Rc4 Raf8 22.Be4 Rc7
23.Qc2 Rxc4 24.Qxc4 Qd8 25.a4 Qh4 26.Qd3 Qg5 27.Qe3 Qxe3 28.fxe3 Bd7 29.a5 Rxf1+
30.Kxf1 Bb5+ 31.Ke1 Kf7 32.Kd2 Be8 33.Bd3 a6 34.Ne4 Ke7 35.Nc3 e4 36.Nxe4 Be5
37.g3 Bf7 38.Bc4 g5 39.Nf2 h5 40.Nd3 Kf6 41.Nf2 Ke7 42.Ne4 g4 43.Nf2 Kf6
44.Kd3 Bg6+ 45.e4 Be8 46.Nd1 Kg5 47.Ne3 h4 48.Nf5 h3 49.Ke3 Bd7 50.Bd3 Kf6
51.Bc2 Kg5 52.Bd3 Ba4 53.Be2 Be8 54.Bd3 Bd7 55.Bc2 Bxf5 56.exf5 Bc3 57.Bd1 Kxf5
58.Ba4 Bxb4 59.Bd7+ Kg5 60.Bc8 Bxa5 61.Bxb7 Be1  0-1

[Event "1st Dragon Capital Vietnam Open"]
[Site "Vung Tau VIE"]
[Date "2008.08.31"]
[Round "8"]
[White "Nguyen Duc Hoa"]
[Black "Nguyen Van Huy"]
[Result "1-0"]
[WhiteElo "2319"]
[BlackElo "2386"]

1.d4 Nf6 2.c4 g6 3.Nc3 Bg7 4.e4 d6 5.Nf3 O-O 6.Be2 e5 7.O-O Nc6 8.d5 Ne7
9.b4 c6 10.Re1 a5 11.bxa5 c5 12.Rb1 Nd7 13.Nb5 Ra6 14.Bd2 h6 15.Qc1 Kh7 16.Qc2 f5
17.exf5 gxf5 18.Nh4 e4 19.g3 Ne5 20.Rb3 N5g6 21.Ng2 Be5 22.Bh5 Bd4 23.Qc1 Rg8
24.Nxd4 cxd4 25.Qb2 d3 26.Bxg6+ Kxg6 27.f3 Qc7 28.fxe4 Qxc4 29.Rc1 Qa4 30.Nf4+ Kf7
31.Nh5 Rg6 32.Qh8 Ra8 33.Rb4 Qxa2 34.Rc7 Bd7 35.Qh7+ Ke8 36.Rxd7 Qa1+ 37.Kg2  1-0

[Event "16th Nikea Open"]
[Site "Athens GRE"]
[Date "2008.09.01"]
[Round "9"]
[White "Grigoriadis,A"]
[Black "Kapogiannatos,A"]
[Result "1-0"]
[WhiteElo "2417"]
[BlackElo "2001"]

1.c4 Nf6 2.Nc3 g6 3.d4 Bg7 4.e4 d6 5.Nf3 O-O 6.Be2 e5 7.O-O Nc6 8.d5 Ne7
9.Ne1 Nd7 10.Be3 f5 11.f3 f4 12.Bf2 g5 13.Nd3 Rf6 14.c5 Rh6 15.cxd6 cxd6
16.Nb5 Qe8 17.g4 Qg6 18.Kg2 Nf6 19.Nc7 Rb8 20.Bxa7 Rh4 21.Nf2 h5 22.h3 hxg4
23.hxg4 Bxg4 24.fxg4 Nxe4 25.Bd3 Qh7 26.Bxe4 Rh2+ 27.Kg1 Qh4 28.Qf3 Rc8 29.Rac1 Kf7
30.Ne6 Rh8 31.Rc7  1-0

[Event "Autumn-1"]
[Site "Alushta UKR"]
[Date "2008.09.02"]
[Round "1"]
[White "Milutin,R"]
[Black "Petrosian,DG"]
[Result "0-1"]
[WhiteElo "2244"]
[BlackElo "2460"]

1.d4 Nf6 2.Nf3 g6 3.c4 Bg7 4.Nc3 O-O 5.e4 d6 6.Be2 e5 7.O-O Nc6 8.d5 Ne7
9.Ne1 Nd7 10.Nd3 f5 11.f3 f4 12.b4 g5 13.c5 Nf6 14.b5 h5 15.a4 Ng6 16.Ba3 g4
17.a5 g3 18.Re1 Nxd5 19.Nxd5 Qh4 20.h3 Bxh3 21.Qb3 Bxg2 22.N5xf4+ Kh7  0-1

[Event "SuperLiga-ROM"]
[Site "Eforie Nord ROM"]
[Date "2008.09.03"]
[Round "3"]
[White "Szuhanek,R"]
[Black "Grigore,N"]
[Result "1/2-1/2"]
[WhiteElo "2447"]
[BlackElo "2365"]

1.Nf3 Nf6 2.c4 g6 3.Nc3 Bg7 4.e4 d6 5.d4 O-O 6.Be2 e5 7.O-O Nc6 8.d5 Ne7
9.b4 Nh5 10.Re1 f5 11.Ng5 Nf6 12.Bf3 c6 13.b5 cxd5 14.cxd5 h6 15.Ne6 Bxe6
16.dxe6 Rc8 17.Qb3 d5 18.Nxd5 Nfxd5 19.exd5 e4 20.d6 Rc3 21.dxe7 Qxe7 22.Qa4 exf3
23.Bb2 f4 24.Qe4 Qg5 25.g3 Re3 26.Qc4  1/2-1/2

[Event "USCL 2008"]
[Site "ICC INT"]
[Date "2008.09.03"]
[Round "2"]
[White "Riordan,C"]
[Black "Simpson,R"]
[Result "1-0"]
[WhiteElo "2265"]
[BlackElo "2300"]

1.d4 Nf6 2.c4 g6 3.Nc3 Bg7 4.e4 d6 5.Be2 O-O 6.Nf3 e5 7.O-O Nc6 8.d5 Ne7
9.Ne1 c5 10.Nd3 Ne8 11.Rb1 f5 12.f3 Nf6 13.b4 b6 14.bxc5 bxc5 15.Be3 Kh8
16.Qa4 Nd7 17.Nb5 Nf6 18.Nxd6 Qxd6 19.Bxc5 Qd8 20.Qa3 Nfg8 21.Bb4 Qb6+ 22.Bc5 Qf6
23.Bd6 Qg5 24.f4 exf4 25.e5 f3 26.Bxf3 f4 27.Bxe7 Nxe7 28.d6 Nf5 29.Bxa8 Ne3
30.Bf3 Bg4 31.Qb2 Nxc4 32.Qe2 Bf5 33.Rbc1 Ne3 34.Rfe1 Qh4 35.Nxf4 Qxf4 36.Qxe3 Qa4
37.Rc7 Qxa2 38.e6 Qa6 39.Rxg7 Kxg7 40.Qd4+ Kh6 41.e7 Re8 42.d7 Bxd7 43.Qxd7 Qb6+
44.Kf1 Qa6+ 45.Re2 Qa1+ 46.Kf2  1-0

[Event "5th LGA Premium Cup"]
[Site "Nuernberg GER"]
[Date "2008.09.04"]
[Round "1"]
[White "Hirneise,L"]
[Black "Lowitz,T"]
[Result "0-1"]
[WhiteElo "1693"]
[BlackElo "2168"]

1.d4 Nf6 2.c4 g6 3.Nc3 Bg7 4.e4 d6 5.Nf3 O-O 6.Be2 e5 7.O-O Nc6 8.d5 Ne7
9.Ne1 Ne8 10.f3 f5 11.g4 fxg4 12.fxg4 Rxf1+ 13.Kxf1 h6 14.h3 g5 15.Nd3 Ng6
16.Kg2 Nf4+ 17.Kg3 Nf6 18.Be3 h5 19.Nf2 Kf7 20.Bxf4 exf4+ 21.Kg2 hxg4 22.Nxg4 Qe7
23.Nxf6 Bxf6 24.Bh5+ Kg7 25.Qd3 Qe5 26.Rh1 a6 27.Kf3 Be7 28.Bg4 Bxg4+ 29.hxg4 Rh8
30.Rxh8 Kxh8 31.Qd2  0-1

[Event "5th LGA Premium Cup"]
[Site "Nuernberg GER"]
[Date "2008.09.05"]
[Round "3"]
[White "Suess,S"]
[Black "Lowitz,T"]
[Result "0-1"]
[WhiteElo "1985"]
[BlackElo "2168"]

1.d4 Nf6 2.Nf3 g6 3.c4 Bg7 4.Nc3 O-O 5.e4 d6 6.Be2 e5 7.O-O Nc6 8.d5 Ne7
9.b4 a5 10.Ba3 axb4 11.Bxb4 b6 12.a4 Ne8 13.Nd2 f5 14.Nb3 fxe4 15.Nxe4 Nf5
16.Bc3 Bd7 17.a5 bxa5 18.Nxa5 Nd4 19.Bg4 Bxg4 20.Qxg4 Rf4 21.Qh3 Rxe4 22.Bxd4 exd4
23.Nc6 Qc8 24.Rxa8 Qxa8 25.Qd3 Nf6 26.Nxd4 Re8 27.Ne6 Qa5 28.f4 Nd7 29.f5 Qc3
30.Qxc3 Bxc3 31.Nxc7 Bd4+ 32.Kh1 Rc8 33.Nb5 Be5 34.fxg6 hxg6 35.Rc1 Nb6 36.g4 Rxc4
37.Rxc4 Nxc4 38.h4 Ne3 39.g5 Bg3 40.h5 gxh5  0-1

[Event "3rd XtraCon EMT"]
[Site "Borup DEN"]
[Date "2008.09.06"]
[Round "3"]
[White "Lund,E"]
[Black "Erdogdu,M"]
[Result "1-0"]
[WhiteElo "2431"]
[BlackElo "2440"]

1.d4 Nf6 2.c4 g6 3.Nc3 Bg7 4.e4 d6 5.Be2 O-O 6.Nf3 e5 7.O-O Nc6 8.d5 Ne7
9.Ne1 Nd7 10.Nd3 f5 11.Bd2 Kh8 12.Rc1 Nf6 13.f3 c6 14.b4 a6 15.Be3 cxd5 16.cxd5 b5
17.a4 bxa4 18.Qxa4 Neg8 19.Qa5 Bh6 20.Bxh6 Nxh6 21.Qxd8 Rxd8 22.Nf2 Rb8 23.Rb1 Rd7
24.Rb3 Ne8 25.Ra1 Nc7 26.Nfd1 f4 27.Nb2 Ng8 28.Nc4 Nf6 29.Kf2 Nfe8 30.Na5 Rg7
31.Nc6 Ra8 32.Na4 Bd7 33.Nb6 Bxc6 34.dxc6 Rb8 35.Nd7 Ra8 36.Bc4 Re7 37.Rba3 Kg7
38.Bxa6 Nf6 39.Nxf6 Kxf6 40.Bb7 Rb8 41.Ra5 Ne6 42.Rd5 Rexb7 43.cxb7 Rxb7
44.Rxd6 Ke7 45.Rd5 Rxb4 46.Ra7+ Kf6 47.Rd6 Rb8 48.h4 h5 49.Ke1 Re8 50.Raa6 Re7
51.Kd2 Kf7 52.Kc3 Rc7+ 53.Rdc6 Re7 54.Rxe6 Rxe6 55.Rxe6 Kxe6 56.Kc4 Kf6 57.Kd5 g5
58.hxg5+ Kxg5 59.Kxe5 Kh4 60.Kf5 Kg3 61.e5 Kxg2 62.e6 Kxf3 63.e7 Kg3 64.e8=Q f3
65.Qxh5  1-0

[Event "TCh-FIN"]
[Site "Finland FIN"]
[Date "2008.09.06"]
[Round "1"]
[White "Kanep,M"]
[Black "Novik,Ma"]
[Result "1-0"]
[WhiteElo "2526"]
[BlackElo "2466"]

1.d4 Nf6 2.c4 g6 3.Nc3 Bg7 4.e4 d6 5.Nf3 O-O 6.Be2 e5 7.O-O Nc6 8.d5 Ne7
9.b4 a5 10.Ba3 axb4 11.Bxb4 Nd7 12.a4 Nc5 13.Bxc5 dxc5 14.a5 Bd7 15.d6 Nc8
16.dxc7 Qxc7 17.Nd5 Qd8 18.Qd2 Bc6 19.Rfd1 Bxd5 20.Qxd5 Qc7 21.Qd7 Qxd7 22.Rxd7 b6
23.a6 Ra7 24.Rxa7 Nxa7 25.Bd1 Rd8 26.Ba4 Kf8 27.Kf1 Ke7 28.Ke2 Bh6 29.Rb1 Rd6
30.Rd1 Rxd1 31.Kxd1 Kd8 32.Ng1 f5 33.Ne2 fxe4 34.Nc3 Kc8 35.Nd5 Bg5 36.Nxb6+ Kc7
37.Nd5+ Kb8 38.Bd7 Nc8 39.Bxc8 Kxc8 40.Nb6+ Kb8 41.Nd7+ Ka7 42.Nxc5 e3 43.f3 h5
44.Ke2 h4 45.g3 hxg3 46.hxg3 Be7 47.Nd7 Kxa6 48.Kxe3  1-0

[Event "TCh-SRB 1st League"]
[Site "Subotica SRB"]
[Date "2008.09.06"]
[Round "6"]
[White "Pavlovic,Milos"]
[Black "Brenjo,S"]
[Result "1/2-1/2"]
[WhiteElo "2515"]
[BlackElo "2486"]

1.d4 Nf6 2.c4 g6 3.Nc3 Bg7 4.e4 d6 5.Nf3 O-O 6.Be2 e5 7.O-O Nc6 8.d5 Ne7
9.b4 Nh5 10.Re1 f5 11.Ng5 Nf6 12.Bf3 h6 13.Ne6 Bxe6 14.dxe6 c6 15.b5 fxe4
16.Nxe4 Nxe4 17.Bxe4 d5 18.Bc2 Qd6 19.cxd5 cxd5 20.a4 Qxe6 21.Ba3 Rad8 22.Bb3 Kh7
23.Ra2 e4 24.Rd2 Bc3 25.Rxe4 Qxe4 26.Re2 Bb4 27.Rxe4 dxe4 28.Qa1 Bxa3 29.Qxa3 Nf5
30.h3 b6 31.Bd5 Rfe8 32.Bc6 e3 33.fxe3 Rxe3 34.Qa1 h5 35.Kh2 h4 36.Bf3 Rd2
37.Qc1 Ng3 38.Qc7+ Kh6 39.Qf4+ Kg7 40.Qc7+ Kh6 41.Qf4+ Kg7  1/2-1/2

[Event "5th LGA Premium Cup"]
[Site "Nuernberg GER"]
[Date "2008.09.07"]
[Round "7"]
[White "Solonar,S"]
[Black "Fuchs,Ju"]
[Result "1/2-1/2"]
[WhiteElo "2372"]
[BlackElo "2197"]

1.c4 Nf6 2.Nc3 g6 3.e4 d6 4.d4 Bg7 5.Nf3 O-O 6.Be2 e5 7.O-O Nc6 8.d5 Ne7
9.Nd2 a5 10.Rb1 Nd7 11.a3 f5 12.b4 axb4 13.axb4 b6 14.Nb3 fxe4 15.Nxe4 Nf6
16.Nxf6+ Bxf6 17.Bb2 Nf5 18.c5 bxc5 19.bxc5 Bg7 20.Ra1 Rxa1 21.Bxa1 Qg5 22.Qc1 Qh5
23.Qc4 Nd4 24.Nxd4 exd4 25.cxd6  1/2-1/2

[Event "I Liga Seniorow"]
[Site "Ustron POL"]
[Date "2008.09.07"]
[Round "2"]
[White "Luch,M"]
[Black "Szelag,M"]
[Result "1/2-1/2"]
[WhiteElo "2412"]
[BlackElo "2474"]

1.d4 Nf6 2.c4 g6 3.Nc3 Bg7 4.e4 d6 5.Nf3 O-O 6.Be2 e5 7.O-O Nc6 8.Be3 Ng4
9.Bg5 f6 10.Bc1 exd4 11.Nxd4 Nxd4 12.Qxd4 f5 13.Qd5+ Kh8 14.Bxg4 fxg4 15.Bg5 Qe8
16.c5 Be6 17.Qxb7 Bc4 18.Rfc1 Qf7 19.Rc2 Rab8 20.Qc6 Bd3 21.Rd2 Rxb2 22.Rxb2 Bxc3
23.Qb7 Bxe4 24.Qxe4 Bxb2 25.Rf1 Qxa2 26.Be7 Rf5 27.cxd6 cxd6 28.Qc2 Qa3 29.Qc8+ Kg7
30.Bxd6 Qxd6 31.Qb7+ Kg8 32.Qxb2 h5 33.Qb3+ Kg7 34.Rd1 Qe7 35.Qc3+ Kh7 36.Ra1 Rc5
37.Qd4 a5 38.g3 Qc7 39.Qf6 Rc1+ 40.Rxc1 Qxc1+ 41.Kg2 Qc5 42.Qa6 Qd5+ 43.Kg1 Kh6
44.Qa7 Qe5 45.Qa8 Qa1+ 46.Kg2 a4 47.Qe8 Qd4 48.h4 gxh3+ 49.Kxh3 Kh7 50.f4 Qa1
51.Qe4 Kh6 52.Qa8 Qd4 53.Qe8 Qa7 54.Qh8+ Qh7 55.Qe8 Qa7 56.Qh8+ Qh7 57.Qe8 Qb7
58.Qh8+ Qh7 59.Qe8 Qb7 60.Qh8+  1/2-1/2

[Event "SuperLiga-ROM"]
[Site "Eforie Nord ROM"]
[Date "2008.09.08"]
[Round "8"]
[White "Szuhanek,R"]
[Black "Sofronie,I"]
[Result "1-0"]
[WhiteElo "2447"]
[BlackElo "2452"]

1.Nf3 Nf6 2.c4 g6 3.Nc3 Bg7 4.e4 d6 5.d4 O-O 6.Be2 e5 7.O-O Nc6 8.d5 Ne7
9.b4 Nh5 10.Re1 f5 11.Ng5 Nf6 12.Bf3 c6 13.b5 h6 14.Ne6 Bxe6 15.dxe6 fxe4
16.Nxe4 Nxe4 17.Bxe4 d5 18.cxd5 cxd5 19.Ba3 dxe4 20.Qxd8 Rfxd8 21.Bxe7 Re8
22.Bc5 Rxe6 23.Be3 a6 24.b6 Rc8 25.Rac1 Rec6 26.Rcd1 Rf6 27.Rd7 Rf7 28.Red1 Re8
29.Rc7 Bf8 30.Kf1 Kg7 31.Bxh6+ Kg8 32.Bg5 Bb4 33.Rxf7 Kxf7 34.Rd7+ Ke6 35.Rxb7 Bc5
36.Ke2 Kd5 37.Be3 Bd4 38.Rc7 Re6 39.b7 Rb6 40.h4 Rb2+ 41.Kd1 Kd6 42.Rg7 Kc5
43.Kc1 Rb6 44.Rc7+ Kd6 45.Rf7 Kd5 46.g4 Kc4 47.Kd2 Rb2+ 48.Ke1 Kd3 49.Kf1 Bxe3
50.fxe3 Kxe3 51.h5 gxh5 52.gxh5 Rb1+ 53.Kg2 Rb2+ 54.Kg3 Rb6 55.Kg4  1-0